000 01011cab a2200313 4500
001 WB3005-40
008 090401t1994 xxu||||| |||| 00| 0 eng d
035 _a(Sirsi) u62300
041 _aeng
245 _aGuidance for commercial valuations
260 _c1994
350 _a0
490 _aRICS Press Release
_v(PR9/94comm) 28 January 1994 (4)
520 _aGuidance and model conditions for valuation of commercial property have been agreed between the RICS and the British Bankers Association and will be published in the White Book in March 1994.
650 _aASSET VALUATION
650 _aBASIS OF VALUATION
650 _aBBA
650 _aBRITISH BANKERS ASSOCIATION
650 _aPROPERTY-COMMERCIAL PROPERTY
650 _aGUIDANCE NOTES
650 _aLENDERS
650 _aMANUAL OF VALUATION
650 _aRICS APPRAISAL AND VALUATION MANUAL
650 _aVALUATION GUIDANCE
650 _aWHITE BOOK
690 _aRATING AND VALUATION
942 _n0
948 _c04/03/1997
999 _c38719
_d38719